000
00202 a2200097 4500
001
2920
100
_a
Delamont, S
245
_a
Sex Role in Schools
260
_a
_b
Mathven, Co.
_c
090
_c
2213
_d
2213
942
_a
NUST-CAE
_c
M
_c
13481
999
_c
237993
_d
237993